Indian political thaught / (Record no. 142333)
[ view plain ]
| 000 -LEADER | |
|---|---|
| fixed length control field | 00480nam a22001697a 4500 |
| 005 - DATE AND TIME OF LATEST TRANSACTION | |
| control field | 20170706143902.0 |
| 020 ## - INTERNATIONAL STANDARD BOOK NUMBER | |
| Terms of availability | 140.00 |
| 035 ## - SYSTEM CONTROL NUMBER | |
| System control number | A-722191 |
| 037 ## - SOURCE OF ACQUISITION | |
| Source of stock number/acquisition | Gandhi Vinoba Nehru |
| 082 ## - DEWEY DECIMAL CLASSIFICATION NUMBER | |
| Classification number | 320.5 |
| 100 ## - MAIN ENTRY--PERSONAL NAME | |
| Personal name | Shiv Lal |
| 245 ## - TITLE STATEMENT | |
| Title | Indian political thaught / |
| Statement of responsibility, etc | Shiv Lal |
| 260 ## - PUBLICATION, DISTRIBUTION, ETC. (IMPRINT) | |
| Place of publication, distribution, etc | New Delhi |
| Name of publisher, distributor, etc | Gandhi Vinoba Nehru |
| Date of publication, distribution, etc | 1989 |
| 300 ## - PHYSICAL DESCRIPTION | |
| Extent | 109 पृ. |
| Dimensions | 22 सेमी |
| 942 ## - ADDED ENTRY ELEMENTS (KOHA) | |
| Source of classification or shelving scheme | Dewey Decimal Classification |
| Item type | English Books |
| Classification part | 320.5 |
| Call number suffix | SHI |
| Withdrawn status | Lost status | Not for loan | Home library | Current library | Date acquired | Cost, normal purchase price | Full call number | Barcode | Cost, replacement price | Koha item type |
|---|---|---|---|---|---|---|---|---|---|---|
| Lost and Paid For | Shahdara Branch | Shahdara Branch | 06/07/2017 | 140.00 | 320.5 SHI | A722191 | 140.00 | English Books |
